Catálogo
 En Linea

Amor i expiación. : (Registro nro. 32798)

Detalles MARC
000 -CABECERA
campo de control de longitud fija 00696nam a2200217 a 4500
001 - NÚMERO DE CONTROL
campo de control 000033307
003 - IDENTIFICADOR DEL NÚMERO DE CONTROL
campo de control OSt
005 - FECHA Y HORA DE LA ÚLTIMA TRANSACCIÓN
campo de control 20240412074257.0
008 - DATOS DE LONGITUD FIJA--INFORMACIÓN GENERAL
campo de control de longitud fija 110823s1882 dr r 000 0 spa d
040 ## - FUENTE DE LA CATALOGACIÓN
Centro catalogador/agencia de origen DO-SdBNP
Lengua de catalogación spa
Centro/agencia transcriptor BNPHU
082 #4 - NÚMERO DE LA CLASIFICACIÓN DECIMAL DEWEY
Número de clasificación RD862.3
Número de documento/Ítem B598d
100 1# - ENTRADA PRINCIPAL--NOMBRE DE PERSONA
Nombre de persona Billini, Francisco Gregorio,
9 (RLIN) 58908
Fechas asociadas al nombre 1844-1898
245 10 - MENCIÓN DE TÍTULO
Título Amor i expiación. :
Resto del título drama original en tres actos I en III /
Mención de responsabilidad, etc. Francisco G. Billini.
260 ## - PUBLICACIÓN, DISTRIBUCIÓN, ETC.
Lugar de publicación, distribución, etc. Santo Domingo, :
Nombre del editor, distribuidor, etc. Imprenta el pueblo,
Fecha de publicación, distribución, etc. 1882.
300 ## - DESCRIPCIÓN FÍSICA
Extensión 76 p. ;
Dimensiones 22 cm.
590 ## - NOTA LOCAL (RLIN)
Nota local Inventariado, 2019/BT
650 #0 - PUNTO DE ACCESO ADICIONAL DE MATERIA--TÉRMINO DE MATERIA
Término de materia o nombre geográfico como elemento de entrada Teatro dominicano
9 (RLIN) 637
650 #0 - PUNTO DE ACCESO ADICIONAL DE MATERIA--TÉRMINO DE MATERIA
Término de materia o nombre geográfico como elemento de entrada Literatura dominicana.
9 (RLIN) 67
910 ## - DATOS DE OPCIÓN DEL USUARIO (OCLC)
Datos de opción del usuario Validado. Control de calidad MFF
942 ## - ELEMENTOS DE PUNTO DE ACCESO ADICIONAL (KOHA)
Fuente del sistema de clasificación o colocación Dewey Decimal Classification
Tipo de ítem Koha Libro
Existencias
Estado de retiro Estado de pérdida Fuente del sistema de clasificación o colocación No para préstamo Código de colección Localización permanente Ubicación/localización actual Ubicación en estantería Fecha de adquisición Número de inventario Total de préstamos Signatura topográfica completa Código de barras Fecha visto por última vez Precio válido a partir de Tipo de ítem Koha Nota pública
    Dewey Decimal Classification Excluido de préstamo Raros y valiosos Biblioteca Nacional Pedro Henríquez Ureña Patrimonio Dominicano Depósito 23.08.2011 LF1   BNPHU PD-RV RD862.3 B598d 33307-10 25.06.2020 25.06.2020 Libro Perteneció a la biblioteca personal de Carlos Larrazábal Blanco.

Con tecnología Koha